Starcraft 2 : Unités Terran - Statistiques

Statistiques générales
  • Ce quiz a été pris 78 fois
  • Le résultat moyen est 12 sur 18
Statistiques - réponses
Hint Réponse % Correct
Caserne Marine
98%
Centre de commandement VCS / SCV
92%
Fantôme / Ghost
85%
Thor
85%
Cuirassé / Battlecruiser
80%
Faucheur / Reaper
79%
Usine Tourmenteur / Helion
79%
Statioport Viking
79%
Station orbitale (centre de commandement amélioré) MULE
76%
Char de siège / Siege Tank
74%
Banshee
73%
Mauraudeur / Marauder
73%
Medivac
71%
Corbeau / Raven
65%
Mine veuve / Widow mine
61%
Nettoyeur / Hellbat
52%
Invoqué(e)s par le précédent Tourelle automatisée
11%
Drone de défense rapprochée
6%
Aucun quiz correspondant
Distribution des résultats
% des personnes avec chaque résultat
Percentile par nombre de réponses
Votre historique - résultats
Vous n’avez pas pris ce quiz